000 00641nam a2200193Ia 4500
005 20250508164945.0
008 008 250505s9999 xx 000 0 eng d
037 _aDissertations
040 _aFEDL
_beng
_cFEDL
041 _aeng
_2eng
084 _a375.64, DUB/DI
_qFEDL
100 _aDubey Shaily
_9779585
245 0 _aComparative analysis of the existing home science syllabus followed by CBSE and the new syllabus proposed by NCERT at senior secondary level
260 _c2010
300 _a124p.
546 _aM.Ed. Dissertation (Delhi University)
942 _cDIS
_h375.64, DUB/DI
999 _c1392268
_d1392268